<?xml version="1.0" encoding="UTF-8"?>
<record
    xmlns:xsi="http://www.w3.org/2001/XMLSchema-instance"
    xsi:schemaLocation="http://www.loc.gov/MARC21/slim http://www.loc.gov/standards/marcxml/schema/MARC21slim.xsd"
    xmlns="http://www.loc.gov/MARC21/slim">

  <leader>00692    a2200133   4500</leader>
  <datafield tag="082" ind1=" " ind2=" ">
    <subfield code="a">709.4</subfield>
    <subfield code="b">AR786a</subfield>
  </datafield>
  <datafield tag="110" ind1=" " ind2=" ">
    <subfield code="a">AL-BORAK, S. A.</subfield>
    <subfield code="9">236</subfield>
  </datafield>
  <datafield tag="245" ind1=" " ind2=" ">
    <subfield code="a">El Arte de NuestroTiempo</subfield>
    <subfield code="b">Corrientes Abstractas desde 1945</subfield>
  </datafield>
  <datafield tag="260" ind1=" " ind2=" ">
    <subfield code="a">Madrid</subfield>
    <subfield code="b">AL-BORAK</subfield>
    <subfield code="c">1972</subfield>
  </datafield>
  <datafield tag="300" ind1=" " ind2=" ">
    <subfield code="a">302 p.</subfield>
    <subfield code="b">ill (color)</subfield>
    <subfield code="c">28 cm</subfield>
  </datafield>
  <datafield tag="505" ind1=" " ind2=" ">
    <subfield code="t">Nota Previa</subfield>
    <subfield code="t">Primera Parte Los grandes maestros de la abstraccin&#x324; lr&#x315;ica y del informalismo El expresionismo abstracto La abstraccin&#x324; lr&#x315;ica: de la explosin&#x324; a la inflamacin&#x324; Acerca de los signos y la obra abierta Lucio Fontana, su obra y su influencia Escritos y declaraciones artisticas </subfield>
    <subfield code="t"></subfield>
  </datafield>
  <datafield tag="650" ind1=" " ind2=" ">
    <subfield code="x">Arte-Historia y crt&#x315;ica</subfield>
    <subfield code="x">Arte abstracto- 1945</subfield>
    <subfield code="9">237</subfield>
  </datafield>
  <datafield tag="710" ind1=" " ind2=" ">
    <subfield code="a">AL-BORAK, S. A.</subfield>
    <subfield code="9">238</subfield>
  </datafield>
  <datafield tag="999" ind1=" " ind2=" ">
    <subfield code="c">38</subfield>
    <subfield code="d">38</subfield>
  </datafield>
  <datafield tag="952" ind1=" " ind2=" ">
    <subfield code="0">0</subfield>
    <subfield code="1">0</subfield>
    <subfield code="2">ddc</subfield>
    <subfield code="4">0</subfield>
    <subfield code="7">0</subfield>
    <subfield code="a">LV</subfield>
    <subfield code="b">LV</subfield>
    <subfield code="c">Pensamiento</subfield>
    <subfield code="d">2014-03-31</subfield>
    <subfield code="l">0</subfield>
    <subfield code="o">709.4 AR786a</subfield>
    <subfield code="p">000001</subfield>
    <subfield code="r">2014-03-31 00:00:00</subfield>
    <subfield code="w">2014-03-31</subfield>
    <subfield code="y">01</subfield>
  </datafield>
</record>
